00442nam a22001575i 450000100060000000300090000600500170001500700030003200800410003504000200007610000310009624500650012726000380019230000330023085200210026348113ES-MaACL20230906161709.0t|950706s1860 fr ||||1| fre d aCAM bspa cCAM1 aChaignet, Antelme Edouard.14aLes principes de la science du beau / cpar A. Ed. Chaignet. aParis : bAuguste Durand, c1860. aVIII, 681, [2] p. ; c23 cm. aES-MaACLjD-4589